| 000 | 01311nas a2200277Ia 4500 | ||
|---|---|---|---|
| 001 | R235-R2474 | ||
| 003 | IT-CnALBA | ||
| 008 | 170116c99999999xx |||||||||||| ||und|| | ||
| 040 |
_aIT-CnALBA _cIT-CnALBA |
||
| 041 | _aITALIANO | ||
| 100 | _aPAOLO VI, PAPA MONTINI. | ||
| 210 | _aLA MADONNA | ||
| 222 | _aLA MADONNA | ||
| 245 | 0 | _aLA MADONNA. N. VI. ANNO XV. NOVEMBRE DICEMBRE. 1967. RIVISTA DI CULTURA MARIANA. | |
| 250 | _a1a ed. | ||
| 260 |
_a ROMA _bDIVINO AMORE SCUOLA TIPOGRAFICA _c1967 |
||
| 300 | _a48 p. | ||
| 310 | _aBIMESTRALE | ||
| 362 | _aFascicolo: 6 / Anno: 15 (1967) | ||
| 500 | _aBERTETTO D. FRANZI F.M. SIGISMONDI G. PESCE G. PAROLA DEL PAPA. MAGISTERO MARIANO DI PAOLO VI. COMMENTO ALL'ESORTAZIONE APOSTOLICA SIGNUM MAGNUM, SEGNO GRANDE. MADONNA BEATA PER LA FEDE. MEDAGLIA MIRACOLOSA. XII CONVEGNO INTERNAZIONALE MARIANO. | ||
| 501 | _aSocietà San Paolo EM - Piazza San Paolo, 14 - 12051 ALBA (CN) (non commercial uses only) ® Copyright 2017 | ||
| 520 | _aBERTETTO D. FRANZI F.M. SIGISMONDI G. PESCE G. PAROLA DEL PAPA. MAGISTERO MARIANO DI PAOLO VI. COMMENTO ALL'ESORTAZIONE APOSTOLICA SIGNUM MAGNUM, SEGNO GRANDE. MADONNA BEATA PER LA FEDE. MEDAGLIA MIRACOLOSA. XII CONVEGNO INTERNAZIONALE MARIANO. | ||
| 650 | _aANGELI SANTI DEMONI | ||
| 942 | _cCR | ||
| 957 | _71 | ||
| 999 |
_a12452 _bNO _g1 _c320549 _d320549 |
||